000 00292nam a22001337a 4500
008 181210b xxu||||| |||| 00| 0 eng d
020 _a0716704455
041 _aeng
080 _a510
100 _a38
101 _aMAT
245 _aElements Linear Algebra
_cDaniel.T.F
942 _2udc
_cBK
999 _c53115
_d53115